All Greek First Division Football Clubs Ever - Statistics

General Stats
  • This quiz has been taken 881 times
  • The average score is 33 of 69
Answer Stats
Region Seasons Titles Club % Correct
Central Greece 61 10 AEK
99%
Central Greece 63 32 Olympiacos
99%
Central Greece 63 17 Panathinaikos
99%
Macedonia 63 3 PAOK
99%
Macedonia 57 Aris
96%
Crete 45 OFI
93%
Thessaly 31 Larissa
90%
Peloponnese 15 Asteras Tripoli
83%
Macedonia 53 Iraklis
83%
Thessaly 3 Volos
82%
Central Greece 21 Atromitos
80%
Central Greece 59 Panionios
78%
Epirus 26 PAS Giannina
78%
Central Greece 5 Lamia
75%
Thrace 31 Xanthi
75%
Central Greece 18 Levadiakos
72%
Central Greece 12 Panetolikos
67%
Macedonia 24 Panserraikos
67%
Cyprus 1 APOEL
66%
Thessaly 6 Niki Volos
66%
Peloponnese 7 Kalamata
64%
Crete 9 Ergotelis
63%
Peloponnese 26 Panachaiki
62%
Central Greece 17 Ionikos
61%
Ionian Islands 3 AOK Kerkyra
59%
Central Greece 43 Apollon Smyrni
59%
Thrace 6 Panthrakikos
59%
Ionian Islands 5 Kerkyra
58%
Crete 6 Platanias
58%
Central Greece 36 Ethnikos Piraeus
55%
Macedonia 21 Doxa Drama
52%
Macedonia 17 Veria
52%
Macedonia 20 Apollon Kalamaria
51%
Central Greece 4 Kallithea
51%
Macedonia 19 Kavala
51%
Macedonia 10 Kastoria
48%
Aegean Islands 3 Kalloni
47%
Thessaly 7 Trikala
46%
Central Greece 23 Egaleo
41%
Macedonia 1 Makedonikos
40%
Aegean Islands 4 Rodos
40%
Central Greece 9 Athinaikos
36%
Aegean Islands 3 Diagoras Rodos
36%
Macedonia 16 Pierikos
34%
Central Greece 15 Proodeftiki
33%
Macedonia 5 Edessaikos
32%
Peloponnese 5 Korinthos
32%
Thessaly 9 Olympiacos Volos
32%
Peloponnese 7 Paniliakos
30%
Central Greece 4 Akratitos
26%
Central Greece 1 Thrasyvoulos
25%
Central Greece 7 Fostiras
24%
Peloponnese 6 Panegialios
21%
Central Greece 1 Chalkida
20%
Central Greece 2 Chalkidona
19%
Central Greece 4 Ethnikos Asteras
18%
Cyprus 1 AEL Limassol
17%
Cyprus 3 Olympiacos Nicosia
17%
Central Greece 3 Panelefsiniakos
16%
Cyprus 1 Omonia Nicosia
15%
Macedonia 1 Naousa
14%
Central Greece 1 Olympiacos Chalkida
12%
Peloponnese 1 Pankorinthiakos
12%
Central Greece 4 Vyzas Megaron
12%
Macedonia 1 Megas Alexandros
11%
Macedonia 1 Thermaikos
11%
Central Greece 1 Nikaia
10%
Cyprus 1 EPA Larnaca
9%
Central Greece 1 Atromitos Piraeus
8%
No matching quizzes found
Score Distribution
Percent of People with Each Score
Percentile by Number Answered
Your Score History
You have not taken this quiz